=LDR 00000nam 2200000 4500 =001 NUTBA000000000003392 =005 20140818104927.0 =006 =007 =008 =020 ##$$a 978-602-7758-182-2 =035 ##$$a 0010-081400000000237 =040 ##$$a NBPDMAT =082 ##$$a 372.7 =090 ##$$a 372.7 $b Agu p =100 ##$$a Agus Nggermanto =245 ##$$a Permainan matematika lingkaran milenium paman apiq : $b Cara cepat dan mudah berhitung pecahan metode matematika kreatif Apiq Agus Nggermanto ; editor, Irma =260 ##$$a Bandung : $b Grama, $c 2010 =300 ##$$a vi, 78 hlm. : $b ilus. ; $c 24 cm. =500 ##$$a Bibliografi : hlm. 79 =650 ##$$a Matematika SD - Lingkaran =700 ##$$a Irma =850 ##$$a NBPDMAT =990 ##$$a 21404742